Ganadores de la Champions League - Estadísticas

Estadísticas generales
  • Esta prueba ha sido intentada 28.477 veces
    11.726 desde el último reinicio
  • La puntuación promedio es 19 de 24
Estadísticas de respuestas
Año Campeón % Correcto
2024, 2022, 2018, 2017, 2016, 2014, 2002, 2000, 1998, 1966, 1960, 1959, 1958, 1957, 1956 Real Madrid
100%
2015, 2011, 2009, 2006, 1992 Barcelona
99%
2023 Manchester City
98%
2025 Paris Saint-Germain
98%
2020, 2013, 2001, 1976, 1975, 1974 Bayern Múnich
96%
2019, 2005, 1984, 1981, 1978, 1977 Liverpool
96%
2008, 1999, 1968 Manchester United
96%
2007, 2003, 1994, 1990, 1989, 1969, 1963 Milan
96%
2021, 2012 Chelsea
94%
2010, 1965, 1964 Inter de Milán
94%
1996, 1985 Juventus
87%
1997 Borussia Dortmund
85%
2004, 1987 Oporto
84%
1995, 1973, 1972, 1971 Ajax
79%
1962, 1961 Benfica
75%
1993 Olympique de Marsella
74%
1980, 1979 Nottingham Forest
72%
1991 Estrella Roja
64%
1982 Aston Villa
60%
1988 PSV
60%
1967 Celtic de Glasgow
56%
1983 Hamburgo
52%
1986 Steaua de Bucarest
50%
1970 Feyenoord
49%
No se encontraron pruebas coincidentes
Distribución de puntuación
Porcentaje de gente con cada puntuación
Porcentaje por número respondido
Historial de tus puntuaciones
No has intentado esta prueba desde el último reinicio